| 000 | 01944cam a2200421 i 4500 | ||
|---|---|---|---|
| 001 | EDZ0000988969 | ||
| 003 | StDuBDS | ||
| 005 | 20161031105256.0 | ||
| 006 | m||||||||d|||||||| | ||
| 007 | cr ||||||||||| | ||
| 008 | 141203s2015 cau fob 001|0|eng|d | ||
| 020 |
_a9781483346625 (ebook) : _cNo price |
||
| 040 |
_aStDuBDS _beng _cStDuBDS _erda _epn |
||
| 049 | _aAlfaisal Main Library | ||
| 050 | 4 | _aLC220.5 | |
| 082 | 0 | 4 |
_a378.103 _223 |
| 245 | 0 | 4 |
_aThe SAGE sourcebook of service-learning and civic engagement / _cedited by Omobolade Delano-Oriaran, Marguerite W. Penick-Parks & Suzanne Fondrie. |
| 246 | 3 | 0 | _aSourcebook of service-learning and civic engagement |
| 246 | 3 | 0 | _aService-learning and civic engagement |
| 264 | 1 |
_aThousand Oaks, California : _bSAGE Publications, _c2015. |
|
| 300 | _a1 online resource | ||
| 336 |
_atext _2rdacontent |
||
| 337 |
_acomputer _2rdamedia |
||
| 338 |
_aonline resource _2rdacarrier |
||
| 504 | _aIncludes bibliographical references and index. | ||
| 520 | 8 | _aFocusing on historical, philosophical, social foundations, practices and models of service-learning and civic engagement, this title offers practical, jargon-free chapters. Thematic parts provide a practical sampling of syllabi, lesson plans, activities and resources, and online websites and databases supporting service-learning. | |
| 521 | _aSpecialized. | ||
| 588 | _aDescription based on online resource; title from home page (viewed on November 12, 2015). | ||
| 650 | 0 | _aService learning. | |
| 655 | 7 |
_aElectronic books. _2local |
|
| 700 | 1 |
_aDelano-Oriaran, Omobolade, _eeditor. |
|
| 700 | 1 |
_aParks, Marguerite W., _eeditor. |
|
| 700 | 1 |
_aFondrie, Suzanne, _eeditor. |
|
| 710 | 2 | _aSage eBooks | |
| 776 | 0 | 8 |
_iPrint version : _z9781452281919 |
| 856 | 4 | 0 | _uhttp://ezproxy.alfaisal.edu/login?url=http://sk.sagepub.com/reference/the-sage-sourcebook-of-service-learning-and-civic-engagement |
| 942 |
_2lcc _cEBOOKS |
||
| 999 |
_c483275 _d483275 |
||